| 000 | 01005nam a22002777a 4500 | ||
|---|---|---|---|
| 005 | 20240530110339.0 | ||
| 008 | 141027s2010 ua gr 001 0dara d | ||
| 020 | _a9789953823133 | ||
| 040 | _aEG-CaGPL | ||
| 082 | 4 | 0 |
_221 _a512.9\ _bر ر |
| 100 | 0 | _aرشدى راشد | |
| 245 | 1 | 0 |
_aرياضيات الخوارزمى تاسيس علم الجبر / _cرشدى راشد ؛ ترجمة نقولا فارس |
| 250 | _aط1 | ||
| 260 |
_aبيروت : _bمركز دراسات الوحدة العربية ، _c2010 |
||
| 300 |
_a416 ص ؛ _c24 سم |
||
| 490 |
_aسلسلة تاريخ العلوم عند العرب ؛ _v406 |
||
| 650 | 4 | 0 | _aالجبر |
| 650 | 4 | 0 | _aالاحتمالات |
| 650 | 4 | 0 |
_aالاعداد _xنظرية |
| 650 | 4 | 0 | _aالتحليل الرياضى |
| 650 | 4 | 0 | _aالتبادل والتوافق |
| 650 | 4 | 0 | _aالجبر التعليمى |
| 700 | 0 | _aنقولا فارس | |
| 942 |
_2ddc _cBK |
||
| 999 |
_c59838 _d59838 |
||